Труды Сельскохозяйственно-бактириологической лаборатории. Т.3, №9: О повальной болезни кур, распространившейся в России в 1909-1910 годах (Запись № 4513970)

Подробности
000 -МАРКЕР
контрольное поле 01423nam2a22002651 4500
001 - ИДЕНТИФИКАТОР ЗАПИСИ
контрольное поле RU\NLR\INFOCOMM10\5000022500
005 - ИДЕНТИФИКАТОР ВЕРСИИ
контрольное поле 20250617014019.0
035 ## - ДРУГИЕ СИСТЕМНЫЕ НОМЕРА
Идентификатор записи (NLR Aleph) 002351513
100 ## - ДАННЫЕ ОБЩЕЙ ОБРАБОТКИ
Данные общей обработки 20041120d1911 |||y0rusy50 ca
101 0# - ЯЗЫК РЕСУРСА
Язык текста, звукозаписи и т.д. русский
102 ## - СТРАНА ПУБЛИКАЦИИ ИЛИ ПРОИЗВОДСТВА
Страна публикации российская федерация
105 ## - ПОЛЕ КОДИРОВАННЫХ ДАННЫХ: ТЕКСТОВЫЕ МАТЕРИАЛЫ, МОНОГРАФИЧЕСКИЕ
Кодированные данные о монографическом текстовом документе y ||||000|y
200 1# - ЗАГЛАВИЕ И СВЕДЕНИЯ ОБ ОТВЕТСТВЕННОСТИ
Основное заглавие О повальной болезни кур, распространившейся в России в 1909-1910 годах
Первые сведения об ответственности М.Г. Тартаковский
210 ## - ПУБЛИКАЦИЯ, РАСПРОСТРАНЕНИЕ И ДР.
Дата издания, распространения и т.д. 1911
Место издания, распространения и т.д. Б. м.
461 #0 - УРОВЕНЬ НАБОРА
Встроенное поле 001RU\NLR\INFOCOMM10\5000022320
-- 2001#$aТруды Сельскохозяйственно-бактириологической лаборатории$fГлав. упр. землеустройства и земледелия. Деп. земледелия$vТ.3, №9
Системный номер (АБИС) связанной записи 4512976
Автор Сельскохозяйственно-бактериологическая лаборатория (Петербург)
Место публикации СПб.
Дата публикации 1909-1918
Первые сведения об ответственности Глав. упр. землеустройства и земледелия. Деп. земледелия
Заглавие Труды Сельскохозяйственно-бактириологической лаборатории
Номер тома Т.3, №9
700 #1 - ИМЯ ЛИЦА - ПЕРВИЧНАЯ ОТВЕТСТВЕННОСТЬ
Начальный элемент ввода Тартаковский
Часть имени, кроме начального элемента ввода М.Г.
Код отношения Автор
801 #1 - ИСТОЧНИК ЗАПИСИ
Страна российская федерация
Организация InfoComm
Дата составления 20041120
801 #0 - ИСТОЧНИК ЗАПИСИ
Страна российская федерация
Организация NLR
Правила каталогизации PSBO
852 ## - МЕСТОНАХОЖДЕНИЕ И ШИФР ХРАНЕНИЯ
Идентификатор организации NLR
Шифр хранения (Call Number) 37.29.8.32
852 ## - МЕСТОНАХОЖДЕНИЕ И ШИФР ХРАНЕНИЯ
Идентификатор организации NLR
Шифр хранения (Call Number) 127/120
942 ## - ДОПОЛНИТЕЛЬНЫЕ ЭЛЕМЕНТЫ ЗАПИСИ (АБИС)
Тип экземпляра АБИС Выпуск
980 ## - КОЛЛЕКЦИЯ
Название коллекции Национальная библиография
980 ## - КОЛЛЕКЦИЯ
Название коллекции Русская периодика

Нет доступных экземпляров.